| 000 | 00881nam a2200253 i 4500 | ||
|---|---|---|---|
| 001 | 47716 | ||
| 003 | ES-MaACL | ||
| 005 | 20250806014151.0 | ||
| 007 | t| | ||
| 008 | 030520s2002 sp a |||| | spa j | ||
| 020 | _a84-486-0362-1 | ||
| 080 | _a616 | ||
| 130 | 0 |
_aHarrison's principles of internal medicine. _lEspañol. _9121952 |
|
| 245 | 1 | 0 |
_aPrincipios de medicina interna / _cHarrison ; editores, Eugene Braunwald ... [et al. ; traducción, José Luis Agud Aparicio ... et al.]. |
| 250 | _a15ª ed. | ||
| 260 |
_aMadrid : _bMcGraw-Hill, Interamericana de España, _c2002. |
||
| 300 |
_a2 v : _bil. col. y n ; _c29 cm. |
||
| 650 | 1 | 7 |
_aMedicina interna _2embne _914925 |
| 700 | 1 |
_aHarrison, Tinsley Randolph. _961943 |
|
| 700 | 1 |
_aBraunwald, Eugene. _931436 |
|
| 700 | 1 |
_aAgud Aparicio, José Luis. _918644 |
|
| 852 |
_aES-MaACL _jL-26324-25 |
||
| 999 |
_c47716 _d47716 |
||